| 000 | 00895nam a2200253 i 4500 | ||
|---|---|---|---|
| 001 | 67460 | ||
| 003 | ES-MaACL | ||
| 005 | 20230906170057.0 | ||
| 007 | t| | ||
| 008 | 040527s2003 sp ||||1| spa d | ||
| 020 | _a84-95394-54-5 | ||
| 080 | _a94(460.283 Alarcón)"12/14" | ||
| 100 | 1 |
_aGarcía Moratalla, Pedro Joaquín. _954992 |
|
| 245 | 1 | 3 |
_aLa tierra de Alarcón en el Señorío de Villena _b: (siglos XIII-XV) / _cPedro Joaquín García Moratalla. |
| 260 |
_aAlbacete : _bInstituto de Estudios Albacetenses "Don Juan Manuel", _c2003. |
||
| 300 |
_a394 p. : _bil. ; _c24 cm. |
||
| 490 | 1 |
_aSerie I--Estudios ; _v146 |
|
| 504 | _aBibliografía. | ||
| 651 | 4 |
_aAlarcón (Cuenca)- _xHistoria- _yS.XIII-XV. _97614 |
|
| 710 | 2 |
_aInstituto de Estudios Albacetenses. _94884 |
|
| 830 | 0 |
_aSerie I--Estudios ; _v146 _9179228 |
|
| 852 |
_aES-MaACL _jL-27635 _bR.133345 |
||
| 999 |
_c67460 _d67460 |
||